000 00616cam a22002054a 4500
001 11967160
005 20250131134409.0
008 000407s2001 paua bf 001 0 eng c
020 _a9781582550749
050 0 0 _aRC69
_b.P77 2001
082 0 0 _a616/.047
_221
245 0 0 _aProfessional guide to signs & symptoms.
250 _a3rd ed.
260 _aSpringhouse, Pa. :
_bSpringhouse Corp.,
_cc2001.
300 _axi, 852 p. :
_bill. ;
_c22 cm.
650 0 _aSymptoms
_vHandbooks, manuals, etc.
650 1 2 _aNursing Assessment
_xmethods
_vHandbooks.
650 2 2 _aDiagnosis
_vHandbooks.
942 _2lcc
_cBK
_e3rd ed.
_n0
999 _c3295
_d3295